| 000 | 02557cam a2200385Ii 4500 | ||
|---|---|---|---|
| 999 |
_c3963 _d3963 |
||
| 001 | ocn869775721 | ||
| 003 | OCoLC | ||
| 005 | 20200424171902.0 | ||
| 008 | 140201t20142014ne b z 000 0 eng d | ||
| 020 | _a9789462400009 | ||
| 020 | _a9462400008 | ||
| 029 | 1 |
_aNZ1 _b15521496 |
|
| 035 | _a(OCoLC)869775721 | ||
| 043 | _af------ | ||
| 049 | _aTZAA | ||
| 050 | 4 |
_aKQE740 _b.A93 2014 |
|
| 082 | 0 | 4 |
_a341.4/8096 _223 |
| 100 | _aFennell, S & Andoni, D. (eds.). | ||
| 245 | 0 | 4 |
_aAfrican Court of Human Rights and Peoples' Rights: _bbasic documents / _cS. Fennell & D. Andoni (eds.). |
| 246 | 1 | 4 | _aAfrican Court on Human and Peoples' Rights |
| 260 |
_aOisterwijk, The Netherlands : _bWolf Legal Publishers (WLP), _c2014 |
||
| 300 |
_a316 pages : _bmap ; _c24 cm. |
||
| 504 | _aAnnexes | ||
| 505 | 0 | 0 |
_tAfrican (Banjul) Charter on Human and Peoples' Rights -- _tProtocol to the African Charter on Human and Peoples' Rights on the Establishment of an African Court on Human and Peoples' Rights -- _tProtocol to the African Charter on Human and Peoples' Rights on the Rights of Women in Africa -- _tConstitutive Act of the African Union (2000) -- _tRules of court -- _tAfrican Court on Human and Peoples' Rights Practice Directions -- _tProtocol to the Court of Justice of the African Union -- _tProtocol on the Statute of the African Court of Justice and Human Rights -- _tAfrican Charter on the Rights and Welfare of the Child -- _tAfrican Union Convention on Preventing and Combating Corruption -- _tAfrican Union Non-Aggression and Common Defence Pact -- _tConvention Governing the Specific Aspects of Refugee Problems in Africa -- _tBamako Convention on the Ban of the Import into Africa and the Control of Transboundary Movement and Management of Hazardous Wastes Within Africa -- _tHost Agreement Between the Government of the United Republic of Tanzania and the African Union on the Seat of the African Court on Human and Peoples' Rights in Arusha, Tanzania -- _tOAU Convention for the Elimination of Mercenarism in Africa -- _tOAU Convention on the Prevention and Combating of Terrorism. |
| 610 | 2 | 0 | _aAfrican Court on Human and Peoples' Rights. |
| 610 | 2 | 7 |
_aAfrican Court on Human and Peoples' Rights. _2fast |
| 610 | 2 | 7 |
_aHuman Rights Africa (Organization) _2fast |
| 650 | 0 |
_aInternational human rights courts _zAfrica. |
|
| 650 | 0 |
_aHuman rights _zAfrica. |
|
| 650 | 7 |
_aInternational human rights courts. _2fast |
|
| 651 | 7 |
_aAfrica. _2fast |
|
| 700 | 1 |
_aFennell, Simone, _ecompiler. |
|
| 700 | 1 |
_aAndoni, Dorina, _ecompiler. |
|
| 942 |
_2lcc _cBOOK |
||